English collocation studies : the OSTI report

Αποθηκεύτηκε σε:
Λεπτομέρειες βιβλιογραφικής εγγραφής
Κύριος συγγραφέας: Sinclair, John McHardy 1933-2007
Άλλοι συγγραφείς: Jones, S., Daley, Robert, Krishnamurthy, Ramesh (Επιμελητής έκδοσης)
Μορφή: Βιβλίο
Γλώσσα:English
Δημοσίευση: London; New York : Continuum, [2004]
Σειρά:Corpus and discourse. Studies in corpus and discourse
Θέματα:
Ετικέτες: Προσθήκη ετικέτας
Δεν υπάρχουν, Καταχωρήστε ετικέτα πρώτοι!

MARC

LEADER 00000nam a2200000 i 4500
001 1/71003
008 080117s2004 eng d
020 |a 0-8264-7488-8 (hbk.) 
035 |l 10093810 
040 |a GR-MY-UA  |b gre  |e aacr 
041 0 |a eng 
082 0 |a 425  |2 (22) 
100 1 |a Sinclair, John McHardy  |d 1933-2007. 
245 1 0 |a English collocation studies :  |b the OSTI report /  |c John M. Sinclair, Susan Jones and Robert Daley ; edited by Ramesh Krishnamurthy 
260 |a London; New York :   |b Continuum,   |c [2004] 
300 |a xxix, 208 σ.;  |b πίν.;  |c 24 εκ. 
490 1 |a Corpus and discourse. Studies in corpus and discourse 
500 |a "Including a new interview with John M. Sinclair, conducted by Wolfgang Teubert" 
504 |a Βιβλιογραφία: σ. [203]-204. Ευρετήριο 
650 0 0 |a Collocation (Linguistics) 
650 0 0 |a English language  |x Grammar. 
700 1 |a Jones, S. 
700 1 |a Daley, Robert. 
700 1 |a Krishnamurthy, Ramesh.  |4 edt 
830 0 |a Corpus and discourse. Studies in corpus and discourse 
852 |a INST  |b RHODES  |e 20080117  |h 425 SIN  |p 005400030247  |q 005400030247  |t BK  |y 0 
901 |a BIBL4-2008-1 
909 |a Ρ  |b 143815 
922 |a 4ΕΛΗ  |b 200712  |c ΕΠΕΑΕΚ2/ΤΜΣ  |d ΕΛΕΥΘΕΡΟΥΔΑΚΗΣ 
970 |a ΧΑΡΙΟΠΟΛΙΤΟΥ  |b ΚΩΝΣΤΑΝΤΙΝΑ  |z 2008/01/17